000 00313nam a2200109 4500
008 180209b xxu||||| |||| 00| 0 eng d
245 _aDepEd 'pampering' public school teachers.
260 _aPhilippines:
_bPhilippine Daily Inquirer,
_cc2017.
300 _apage A11.
650 0 _926305
_aTeachers.
942 _2ddc
_cPER
999 _c8524
_d8524